00515nam a2200181Ia 4500003000400000005001700004008004100021020002200062040000700084041001200091082001900103100002700122245008100149260003800230300002800268365001400296650002300310OSt20260108184039.0210423s2011 xx 000 0 und d a978-1-898563-60-0 cAL aEnglish a541.394 bWRIF aMargaret Robson Wright aFundamental chemical kineticsb: an explanatory introduction to the concepts aUKbWoodhead Publishing Ltdc2011 a307p.bHBc24.5x16.5cm. b5229cUSD aPhysical Chemistry